MARC

Tag First Indicator Second Indicator Subfields
LEADER 00000cam a2200000 i 4500
001 in00004792142
003 OCoLC
005 20240422104210.8
008 230911t20232023fr a 000 0 fre d
024 8 |a 40032276455 
040 |a C3L  |b eng  |e rda  |c C3L  |d OCLCO  |d JPG  |d OCLCO  |d OCLCF  |d OCLCO 
020 |a 9782376660798 
020 |a 2376660793 
035 |a (OCoLC)1408652812 
041 1 |a fre  |a eng  |h fre 
043 |a a-le--- 
050 0 0 |a NA1476.7.B45  |b S25 2023 
082 0 4 |a 720.9569250904  |2 23 
100 1 |a Salvaing, Matthieu,  |e photographer. 
245 1 0 |a Modernist Beirut /  |c Guillaume Excoffier, Matthieu Salvaing. 
264 1 |a Paris, France :  |b Norma éditions,  |c [2023] 
264 4 |c ©2023 
300 |a 311 pages :  |b illustrations (chiefly color) ;  |c 39 cm 
336 |a text  |b txt  |2 rdacontent 
336 |a still image  |b sti  |2 rdacontent 
337 |a unmediated  |b n  |2 rdamedia 
338 |a volume  |b nc  |2 rdacarrier 
546 |a Text in French with parallel English translation. 
650 0 |a Modern movement (Architecture)  |z Lebanon  |z Beirut  |v Pictorial works. 
650 0 |a Architecture  |z Lebanon  |z Beirut  |x History  |v Pictorial works. 
651 0 |a Beirut (Lebanon)  |x Buildings, structures, etc.  |v Pictorial works. 
650 0 |a Architectural photography  |z Lebanon  |z Beirut. 
650 6 |a Mouvement moderne (Architecture)  |z Liban  |z Beyrouth  |v Ouvrages illustrés. 
650 6 |a Photographie d'architecture  |z Liban  |z Beyrouth. 
650 6 |a Architecture  |z Liban  |z Beyrouth  |x Histoire  |v Ouvrages illustrés. 
650 7 |a Architectural photography  |2 fast 
650 7 |a Architecture  |2 fast 
650 7 |a Buildings  |2 fast 
650 7 |a Modern movement (Architecture)  |2 fast 
651 7 |a Lebanon  |z Beirut  |2 fast 
655 7 |a History  |2 fast 
655 7 |a Pictorial works  |2 fast 
700 1 |a Excoffier, Guillaume,  |e writer of added commentary. 
945 |b 87615 
947 |a A14852493924 
980 |b print  |c 40032276455  |f NONFIC/B  |g 565714  |k USD  |m 96.00  |q 1  |s AcqMono Conventional  |t Approval plan  |u Vendor order reference number  |v ZYBP  |y Print approval  |z Physical resource 
999 f f |i d0fdc8b9-9492-4a3b-a2d6-e9534c625984  |s b9586585-d73c-4206-b851-5ac89214e8b7  |t 0 
952 f f |p normal  |a Texas A&M University  |b College Station  |c Sterling C. Evans Library  |s Evans stk  |d Evans: Library Stacks  |t 0  |e NA1476.7.B45 S25 2023  |f Oversize  |h Library of Congress classification  |i unmediated -- volume  |m A14852493924